MARKETING RESEARCH (Record no. 11196)

MARC details
000 -LEADER
fixed length control field 00333nam a22001577a 4500
003 - CONTROL NUMBER IDENTIFIER
control field SGT
020 ## - INTERNATIONAL STANDARD BOOK NUMBER
International Standard Book Number 817 371 415 6
082 ## - DEWEY DECIMAL CLASSIFICATION NUMBER
Classification number 658.8
Item number M03P
100 ## - MAIN ENTRY--PERSONAL NAME
Personal name PATI,DEBASHIS
245 ## - TITLE STATEMENT
Title MARKETING RESEARCH
250 ## - EDITION STATEMENT
Edition statement 1ST
260 ## - PUBLICATION, DISTRIBUTION, ETC. (IMPRINT)
Place of publication, distribution, etc HYDERABAD
Name of publisher, distributor, etc UNIVERSITY PRESS
Year of Publication 2003
300 ## - PAGE DESCRIPTION
No. of Pages 682
650 ## - SUBJECT ADDED ENTRY--TOPICAL TERM
Topical term or geographic name as entry element PHARMACY
942 ## - ADDED ENTRY ELEMENTS (KOHA)
Source of classification or shelving scheme Dewey Decimal Classification
Koha item type Books
Holdings
Withdrawn status Lost status Source of classification or shelving scheme Damaged status Not for loan Collection code Home library Current library Shelving location Date acquired Vendor Name Cost, normal purchase price SGTU Full call number Accession No. (Barcode) Date last seen Bill Date Koha item type
    Dewey Decimal Classification     PHARMACY SGT FA-FP Library SGT FA-FP Library Reference Book 15/03/2017 AHUJA PUB 395.00 SGTU 658.8 M03P FP2262 15/03/2017 15/03/2017 Books